000 01003nam a22002417a 4500
005 20140423142316.0
008 131121b xxu||||| |||| 00| 0 eng d
010 _aB-527659-660 B-529805
020 _a9789381626344
_c225.00.00
035 _aB-527659-660
040 _aDPL
082 _aN
100 _aAmish
245 _aThe secret of the Nagas /
_cby Amish
260 _aChennai
_bWestland
_c2012
270 _a61 Silverline Building, 2nd floor, Alapakkam Main Road, Maduravoyal,
_bChennai
_e600095
300 _a395p.
_c18cm.(Pbk)
490 _aShiva Trilogy 2
500 _aIncludes Glossary
942 _2ddc
_cEN
_mAMI
_hN
999 _c80810
_d80810